000 00377 a2200157 4500
001 175306
020 _a85-10-02091-4
040 _cMagnum
100 _aNoronha, Carlos Henrique Moura Mavignier de
240 1 0 _aO espaço mundial 2
_lpor
245 1 0 _aO espaço mundial 2
300 _a184
362 0 _a1997
697 _aHISTÓRIA - GEOGRAFIA - BIOGRAFIAS
942 _cBK
999 _c175306
_d175306